MARC

LEADER 00000nam0a2200000 4500
001 318944
005 20231102003129.0
035 |a (RuTPU)RU\TPU\book\344449 
090 |a 318944 
100 |a 20160513d1964 km y0rusy50 ca 
101 0 |a rus 
102 |a RU 
105 |a a z 100zy 
200 1 |a Проходка шахтных стволов специальными способами  |e материалы научно-технического совещания, 2-5 апреля 1963 г., г. Москва  |f Всесоюзный трест по проходке шахтных стволов бурением и другими специальными способами ; под ред. А. З. Литвина 
210 |a Москва  |c ЦБТИ  |d 1964 
215 |a 205 с.  |c ил. 
606 1 |a Проходка шахтных стволов специальными способами  |2 stltpush  |3 (RuTPU)RU\TPU\subj\53034  |9 71386 
610 1 |a совещания 
610 1 |a технические усовершенствования 
610 1 |a проектирование 
610 1 |a новые методы 
610 1 |a замораживание 
610 1 |a буровые установки 
610 1 |a вентиляционные стволы 
610 1 |a бурение 
610 1 |a стенки 
610 1 |a устойчивость 
610 1 |a химическое укрепление 
610 1 |a битумы 
610 1 |a применение 
610 1 |a калийные рудники 
610 1 |a гидроизоляционные работы 
675 |a 622.257(063)  |v 4 
702 1 |a Литвин  |b А. З.  |4 340 
712 0 2 |a Всесоюзный трест по проходке шахтных стволов бурением и другими специальными способами  |2 stltpush  |3 (RuTPU)RU\TPU\col\27480  |9 28669 
712 1 2 |a Проходка шахтных стволов специальными способами  |c научно-техническое совещание  |e Москва  |f 1964  |4 570 
801 1 |a RU  |b 63413507  |c 20160513 
801 2 |a RU  |b 63413507  |c 20200723  |g RCR 
942 |c BK